Meşe Fısıltıları (Record no. 1332)

000 -LEADER
fixed length control field 00432nam a22001697a 4500
008 - FIXED-LENGTH DATA ELEMENTS--GENERAL INFORMATION
fixed length control field 171004b xxu||||| |||| 00| | tur d
020 ## - INTERNATIONAL STANDARD BOOK NUMBER
International Standard Book Number 9789753426428
041 ## - LANGUAGE CODE
Language code of text/sound track or separate title Türkçe
050 ## - LIBRARY OF CONGRESS CALL NUMBER
Classification number PL234.A64
100 ## - MAIN ENTRY--PERSONAL NAME
Personal name Aruoba, Oruç
9 (RLIN) 380
245 ## - TITLE STATEMENT
Title Meşe Fısıltıları
250 ## - EDITION STATEMENT
Edition statement 1. Basım 2007
260 ## - PUBLICATION, DISTRIBUTION, ETC.
Place of publication, distribution, etc. İstanbul
Name of publisher, distributor, etc. Metis Yayınları
Date of publication, distribution, etc. Aralık 2007
300 ## - PHYSICAL DESCRIPTION
Extent 83 Sayfa
650 #0 - SUBJECT ADDED ENTRY--TOPICAL TERM
9 (RLIN) 145
Topical term or geographic name entry element Türk Edebiyatı
942 ## - ADDED ENTRY ELEMENTS (KOHA)
Source of classification or shelving scheme
Koha item type Books
Holdings
Withdrawn status Lost status Source of classification or shelving scheme Damaged status Not for loan Permanent Location Current Location Shelving location Date acquired Full call number Barcode Date last seen Price effective from Koha item type
        Ödünç verilemez İmren Ahmet Tüzün Kütüphanesi İmren Ahmet Tüzün Kütüphanesi Ahmet Tüzün 2017-10-04 PL234.A64 100100001310 2017-10-04 2017-10-04 Books

This software was implemented, installed and managed by Devinim Software Training Consulting .